Statistics for Food by Picture

Click here to take the quiz!

General Stats

  • This quiz has been taken 69 times
  • The average score is 13 of 15

Answer Stats

Answer% Correct
Cheese
100%
Burger
98%
Taco
98%
French Fries
97%
Egg
95%
Ice Cream
95%
Pizza
95%
Pear
94%
Carrot
92%
Chicken
92%
Cookie
92%
Bacon
90%
Jalapeno
56%
Ham
50%
Noodles
48%

Score Distribution

Percentile by Number Answered

Percent of People with Each Score

Your Score History

You have not taken this quiz